<?xml version="1.0" encoding="UTF-8"?>
<record
    xmlns:xsi="http://www.w3.org/2001/XMLSchema-instance"
    xsi:schemaLocation="http://www.loc.gov/MARC21/slim http://www.loc.gov/standards/marcxml/schema/MARC21slim.xsd"
    xmlns="http://www.loc.gov/MARC21/slim">

  <leader>01830nam a22002417a 4500</leader>
  <controlfield tag="005">20250206114342.0</controlfield>
  <controlfield tag="008">250206b           ||||| |||| 00| 0 eng d</controlfield>
  <datafield tag="020" ind1=" " ind2=" ">
    <subfield code="a">9789386310842</subfield>
  </datafield>
  <datafield tag="040" ind1=" " ind2=" ">
    <subfield code="c">AL</subfield>
  </datafield>
  <datafield tag="041" ind1=" " ind2=" ">
    <subfield code="a">English</subfield>
  </datafield>
  <datafield tag="082" ind1=" " ind2=" ">
    <subfield code="2">23</subfield>
    <subfield code="a">546</subfield>
    <subfield code="b">KARA</subfield>
  </datafield>
  <datafield tag="100" ind1=" " ind2=" ">
    <subfield code="a">Ashutosh Kar</subfield>
    <subfield code="9">198061</subfield>
  </datafield>
  <datafield tag="245" ind1=" " ind2=" ">
    <subfield code="a">Advanced Inorganic Chemistry</subfield>
  </datafield>
  <datafield tag="260" ind1=" " ind2=" ">
    <subfield code="a">New Delhi</subfield>
    <subfield code="b">CBS Publishers and Distributors Pvt Ltd</subfield>
    <subfield code="c">2017</subfield>
  </datafield>
  <datafield tag="300" ind1=" " ind2=" ">
    <subfield code="a">394 p.</subfield>
    <subfield code="b">PB</subfield>
    <subfield code="c">24x16 cm.</subfield>
  </datafield>
  <datafield tag="365" ind1=" " ind2=" ">
    <subfield code="a">ABDI/0791/25</subfield>
    <subfield code="b">&#x20B9;372.00</subfield>
    <subfield code="c">&#x20B9;</subfield>
    <subfield code="d">&#x20B9;495.00</subfield>
    <subfield code="e">25%</subfield>
    <subfield code="f">04-02-2025</subfield>
  </datafield>
  <datafield tag="440" ind1=" " ind2=" ">
    <subfield code="a">Volume 1</subfield>
    <subfield code="9">198062</subfield>
  </datafield>
  <datafield tag="520" ind1=" " ind2=" ">
    <subfield code="a">Inorganic Chemistry for BSc (Hons), MSc and Research Scholars is a classical textbook and comprises relevant current information expanded and treated in an unique style for the benefit of brilliant students in the Indian Universities Pursuing: BSc (Hons),MSc,and Research Scholars. Inorganic Chemistry for BSc (Hons), MSc and Research Scholars is a classical textbook and comprises relevant current informations expanded and treated in an unique style for the benefit of brilliant students in the Indian Universities Pursuing: BSc (Hons),MSc,and Research Scholars. Key Features Basic fundamentals of Inorganic Chemistry duly articulated in a systematic and logical manner. The textbook contains several conceptual questions/solutions at the end of each chapter followed by Probable Questions/University Questions. Chemistry of elements and related compounds are expatiated based on the periodic table together with their structures and electronic configurations. Each chapter has been substantiated with adequate textual contents and explained in a perfect lucid manner.Typical and critical examples are dealt with appropriately.</subfield>
  </datafield>
  <datafield tag="650" ind1=" " ind2=" ">
    <subfield code="a">Inorganic chemistry</subfield>
    <subfield code="9">198063</subfield>
  </datafield>
  <datafield tag="650" ind1=" " ind2=" ">
    <subfield code="a">chemistry</subfield>
    <subfield code="9">198064</subfield>
  </datafield>
  <datafield tag="650" ind1=" " ind2=" ">
    <subfield code="a">atomic structure</subfield>
    <subfield code="9">198065</subfield>
  </datafield>
  <datafield tag="942" ind1=" " ind2=" ">
    <subfield code="2">ddc</subfield>
    <subfield code="c">BK</subfield>
  </datafield>
  <datafield tag="999" ind1=" " ind2=" ">
    <subfield code="c">233720</subfield>
    <subfield code="d">233720</subfield>
  </datafield>
  <datafield tag="952" ind1=" " ind2=" ">
    <subfield code="0">0</subfield>
    <subfield code="1">0</subfield>
    <subfield code="2">ddc</subfield>
    <subfield code="4">0</subfield>
    <subfield code="7">0</subfield>
    <subfield code="8">CHE</subfield>
    <subfield code="a">AL</subfield>
    <subfield code="b">AL</subfield>
    <subfield code="d">2025-02-05</subfield>
    <subfield code="e">Academic book distributors</subfield>
    <subfield code="g">372.00</subfield>
    <subfield code="l">0</subfield>
    <subfield code="o">546 KARA</subfield>
    <subfield code="p">077591</subfield>
    <subfield code="r">2025-02-06 00:00:00</subfield>
    <subfield code="v">495.00</subfield>
    <subfield code="w">2025-02-06</subfield>
    <subfield code="y">BK</subfield>
  </datafield>
</record>
